Lincoln On Leadership (Record no. 325126)

MARC details
000 -LEADER
fixed length control field 00491nam a2200169Ia 4500
008 - FIXED-LENGTH DATA ELEMENTS--GENERAL INFORMATION
fixed length control field 230718s9999 xx 000 0 und d
020 ## - INTERNATIONAL STANDARD BOOK NUMBER
International Standard Book Number 9780446394598
041 ## - LANGUAGE CODE
Language code of text/sound track or separate title eng
082 ## - DEWEY DECIMAL CLASSIFICATION NUMBER
Classification number 973.7'092
Item number PHI
100 ## - MAIN ENTRY--PERSONAL NAME
Personal name Phillips D.T.
9 (RLIN) 173641
245 ## - TITLE STATEMENT
Title Lincoln On Leadership
Remainder of title Executive Strategies For Tough Times
260 ## - PUBLICATION, DISTRIBUTION, ETC. (IMPRINT)
Date of publication, distribution, etc. 2009
Name of publisher, distributor, etc. Business Plus
300 ## - PHYSICAL DESCRIPTION
Extent 193
365 ## - TRADE PRICE
Currency code Rs.
Price amount 550.00
700 ## - ADDED ENTRY--PERSONAL NAME
Personal name Phillips D.T.
9 (RLIN) 173641
906 ## - LOCAL DATA ELEMENT F, LDF (RLIN)
d O:0088529-Jun-2010B:408203-May-2010
c GENRL
b 110
Holdings
Withdrawn status Lost status Damaged status Not for loan Home library Current library Date acquired Vendor Budget Code Cost, normal purchase price Bill number Total Checkouts Full call number Barcode Date last seen Date last checked out Discount Cost, replacement price Bill Date Koha item type Original Barcode
        Cummins College of Engineering for Women Pune Cummins College of Engineering for Women Pune 30/06/2010 Tbs GENRL 440.00 4082 2 973.7'092 CCEP-BK-36333 05/03/2024 20/02/2024 110 550.00 03/05/2010 Books 036333